|
|
|
|
| LEADER |
00000nas a2200000 i 4500 |
| 001 |
ssj0000393879 |
| 003 |
WaSeSS |
| 005 |
20200512172242.0 |
| 006 |
m d |
| 007 |
cr n |
| 008 |
100802c19799999ck fr p s 0 0spa c |
| 010 |
|
|
|a 2015240350
|
| 016 |
7 |
|
|a 2600081-7
|2 DE-600
|
| 022 |
|
|
|a 2256-5485
|l 0120-159X
|y 0120-159X
|
| 035 |
|
|
|a (WaSeSS)ssj0000393879
|
| 040 |
|
|
|a OCLCE
|b eng
|e pn
|c OCLCE
|d HEBIS
|d OCLCQ
|d OCLCF
|d OCLCO
|d OCL
|d IXA
|d OCLCO
|d OCLCA
|d AU@
|d VT2
|d WaSeSS
|
| 041 |
0 |
|
|a spa
|a por
|b eng
|
| 042 |
|
|
|a pcc
|
| 043 |
|
|
|a s-ck---
|
| 245 |
0 |
0 |
|a Revista colombiana de sociología
|h [electronic resource].
|
| 246 |
1 |
|
|a RCS
|
| 260 |
|
|
|a Bogotá, Colombia :
|b Dpto. de Sociología, Universidad Nacional,
|c 1980-
|
| 310 |
|
|
|a Semiannual,
|b 2000-
|
| 321 |
|
|
|a Irregular,
|b 1979-1999
|
| 362 |
1 |
|
|a Began with Volumen 1, número 1 (diciembre 1979).
|
| 500 |
|
|
|a Issues also have thematic titles.
|
| 506 |
|
|
|a License restrictions may limit access.
|
| 515 |
|
|
|a First series ended with vol. 6, núm. 1 (1988); new series began with Nueva serie, vol. 1, no. 1 (enero-junio 1990).
|
| 546 |
|
|
|a Text primarily in Spanish, some in Portuguese; abstracts in English, Portuguese and Spanish.
|
| 588 |
|
|
|a Description based on: Volumen 1, número 1 (diciembre 1979); title from PDF cover (publisher's Web site, viewed Aug. 4, 2015).
|
| 588 |
|
|
|a Latest issue consulted: Volumen 37, número 2 (jul.-dic. 2014) (viewed Aug. 4, 2015).
|
| 650 |
|
0 |
|a Sociology
|z Colombia
|v Periodicals.
|
| 650 |
|
7 |
|a Social conditions
|2 fast
|0 (OCoLC)fst01919811
|
| 650 |
|
7 |
|a Sociology.
|2 fast
|0 (OCoLC)fst01123875
|
| 651 |
|
0 |
|a Colombia
|x Social conditions
|v Periodicals.
|
| 651 |
|
0 |
|a Colombia
|v Periodicals.
|
| 651 |
|
7 |
|a Colombia.
|2 fast
|0 (OCoLC)fst01205916
|
| 655 |
|
0 |
|a Electronic journals.
|
| 710 |
2 |
|
|a Universidad Nacional de Colombia.
|b Departamento de Sociología.
|
| 776 |
0 |
8 |
|i Print version:
|t Revista colombiana de sociología
|w (DLC) 84642862
|w (OCoLC)8247491
|
| 856 |
4 |
0 |
|z Full text available from Research Library: 01/01/2004 to present
|u https://search.proquest.com/publication/2035758
|